[Event "CZE-chT2F 0910"]
[Site "Czech Republic"]
[Date "2010.02.28"]
[Round "8.7"]
[White "Vizner, Jaroslav"]
[Black "Kanok, Jan"]
[Result "1/2-1/2"]
[WhiteElo "1931"]
[BlackElo "1955"]
[PlyCount "94"]
[EventDate "2009.10.18"]
[EventType "team-tourn"]
[EventRounds "11"]
[EventCountry "CZE"]
[SourceTitle "EXT 2012"]
[Source "ChessBase"]
[SourceDate "2011.11.24"]
[SourceVersion "1"]
[SourceVersionDate "2011.11.24"]
[SourceQuality "1"]
[WhiteTeam "Havirov"]
[BlackTeam "Ostrava Mittal II"]
[WhiteTeamCountry "CZE"]
[BlackTeamCountry "CZE"]

1. e4 c5 2. Nf3 Nc6 3. c3 d6 4. d4 cxd4 5. Nxd4 g6 6. Be3 Bg7 7. Nd2 Nf6 8. Be2 Bd7 9. Rc1 Qc8 10. f3 0-0 11. 0-0 b6 12. b4 Qc7 13. Qb3 Qb7 14. Rfd1 Rac8 15. a4 Nxd4 16. cxd4 Be6 17. d5 Bd7 18. Bb5 a6 19. Be2 b5 20. a5 Rxc1 21. Rxc1 Rc8 22. Rc2 Ne8 23. Qd3 Rxc2 24. Qxc2 Qc8 25. Qxc8 Bxc8 26. Nb3 Bc3 27. Nd4 Bxd4 28. Bxd4 Bd7 29. Kf2 e5 30. dxe6 fxe6 31. f4 Kf7 32. Ke3 Bc6 33. h3 Nf6 34. Bf3 Nd7 35. g4 e5 36. Bc3 h6 37. Bd1 g5 38. f5 Nf6 39. Bc2 Ke7 40. Kf3 Bb7 41. Bd2 Nd7 42. h4 Kf6 43. Bb3 Nb8 44. hxg5+ hxg5 45. Be3 Nc6 46. Bb6 Nd4+ 47. Bxd4 exd4 1/2-1/2

[Event "Moravia-Silesia Region-chT 0708"]
[Site "Czech Republic"]
[Date "2008.03.09"]
[Round "9.7"]
[White "Kanok, Jan"]
[Black "Premus, Jan"]
[Result "0-1"]
[WhiteElo "1937"]
[BlackElo "1893"]
[PlyCount "100"]
[EventDate "2007.10.28"]
[EventType "team-tourn"]
[EventRounds "11"]
[EventCountry "CZE"]
[SourceTitle "EXT 2024"]
[Source "ChessBase"]
[SourceDate "2023.10.10"]
[SourceVersion "1"]
[SourceVersionDate "2023.10.10"]
[SourceQuality "1"]

1. d4 Nf6 2. c4 e6 3. Nc3 Bb4 4. e3 0-0 5. Bd3 c5 6. Nge2 b6 7. 0-0 Bb7 8. dxc5 bxc5 9. Qc2 Nc6 10. a3 Bxc3 11. Qxc3 a5 12. b3 Ne8 13. Bb2 f6 14. Rad1 Qe7 15. f4 f5 16. Bc2 Nf6 17. Ng3 Rad8 18. e4 fxe4 19. Nxe4 Nxe4 20. Bxe4 Nd4 21. Qe3 Nf5 22. Qe1 Bxe4 23. Qxe4 d5 24. Qe5 d4 25. Rd3 Ne3 26. Rf3 Qf6 27. Qxf6 gxf6 28. Bc1 Nf5 29. Bd2 e5 30. Rf1 e4 31. Rh3 e3 32. Bxa5 d3 33. g4 d2 34. gxf5 d1Q 35. Rxd1 Rxd1+ 36. Kg2 Re8 37. Rg3+ Kf7 38. Rh3 h5 39. Rxh5 Kg7 40. Rh3 e2 41. Rg3+ Kf8 42. Rg6 Kf7 43. Rh6 e1Q 44. Bxe1 Rexe1 45. Rh7+ Kg8 46. Rc7 Re3 47. Rxc5 Rd2+ 48. Kf1 Rxb3 49. Rb5 Rxb5 50. cxb5 Rxh2 0-1